Sports Quiz

Random Sports or NCAA Quiz
Score 0/30 Timer 10:00
0 Plays Today
Confrence Team % Correct
Big-10Michigan
97.3%
Big-10Ohio State
97.3%
Big-12Oklahoma
97.3%
Non-ConfrenceNotre Dame
97.3%
SECAlabama
97.3%
Pac-12USC
97.3%
Big-12Texas
97.3%
Big-10Penn State
97.3%
SECFlorida
97.3%
SECGeorgia
97.3%
ACCFlorida State
97.3%
Pac-12UCLA
97.3%
ACCMiami
97.3%
Big-10Michigan State
97.3%
Big-10Nebraska
94.6%
Confrence Team % Correct
SECLSU
94.6%
SECTennessee
94.6%
SECAuburn
94.6%
Pac-12Washington
94.6%
SECTexas A&M
94.6%
Big-10Wisconsin
94.6%
Pac-12Stanford
94.6%
Big-10Iowa
91.9%
ACCVirginia Tech
91.9%
ACCClemson
89.2%
SECArkansas
86.5%
ACCGeorgia Tech
86.5%
Pac-12Colorado
86.5%
Big-12West Virginia
81.1%
ACCPittsburgh
75.7%
Remove Ads.
Support Sporcle.
Get the best of Sporcle when you Go Orange. This ad-free experience offers more features, more stats, and more fun while also helping to support Sporcle. Thank you for becoming a member.

You're not logged in!

Compare scores with friends on all Sporcle quizzes.
OR
Log In

Show Comments

Extras

Created Sep 27, 2019ReportNominate
Tags:NCAA Quiz

Top Quizzes Today


Score Distribution

Your Account Isn't Verified!

In order to create a playlist on Sporcle, you need to verify the email address you used during registration. Go to your Sporcle Settings to finish the process.

Report this User

Report this user for behavior that violates our Community Guidelines.

Details: